<?xml version="1.0" encoding="UTF-8"?>
<record
    xmlns:xsi="http://www.w3.org/2001/XMLSchema-instance"
    xsi:schemaLocation="http://www.loc.gov/MARC21/slim http://www.loc.gov/standards/marcxml/schema/MARC21slim.xsd"
    xmlns="http://www.loc.gov/MARC21/slim">

  <leader>03001nam0a22004691  4500</leader>
  <controlfield tag="001">RU\NLR\A1DV\32849</controlfield>
  <controlfield tag="005">20251203152403.2</controlfield>
  <datafield tag="035" ind1=" " ind2=" ">
    <subfield code="a">(NLR Aleph) 010777848</subfield>
  </datafield>
  <datafield tag="090" ind1=" " ind2=" ">
    <subfield code="a">10052105</subfield>
    <subfield code="c">10052105</subfield>
  </datafield>
  <datafield tag="100" ind1=" " ind2=" ">
    <subfield code="a">20061205d1807    u  y0rusy50      ca</subfield>
  </datafield>
  <datafield tag="101" ind1="2" ind2=" ">
    <subfield code="a">rus</subfield>
    <subfield code="a">lat</subfield>
    <subfield code="g">lat</subfield>
  </datafield>
  <datafield tag="102" ind1=" " ind2=" ">
    <subfield code="a">RU</subfield>
  </datafield>
  <datafield tag="135" ind1=" " ind2=" ">
    <subfield code="a">crcn 024anaba</subfield>
  </datafield>
  <datafield tag="140" ind1=" " ind2=" ">
    <subfield code="a">y   y    ff        yaa0000  </subfield>
  </datafield>
  <datafield tag="200" ind1="1" ind2=" ">
    <subfield code="a">Prima latini sermonis rudimenta.</subfield>
    <subfield code="e">In usum tironum</subfield>
    <subfield code="d">&#x41D;&#x43E;&#x432;&#x430;&#x44F; &#x43B;&#x430;&#x442;&#x438;&#x43D;&#x441;&#x43A;&#x430;&#x44F; &#x430;&#x437;&#x431;&#x443;&#x43A;&#x430;.</subfield>
    <subfield code="e">&#x421; &#x43F;&#x440;&#x438;&#x43E;&#x431;&#x449;&#x435;&#x43D;&#x438;&#x435;&#x43C; &#x43A;&#x440;&#x430;&#x442;&#x43A;&#x430;&#x433;&#x43E; &#x441;&#x43B;&#x43E;&#x432;&#x430;&#x440;&#x44F; &#x443;&#x442;&#x440;&#x435;&#x431;&#x438;&#x442;&#x435;&#x43B;&#x44C;&#x43D;&#x435;&#x439;&#x448;&#x438;&#x445; &#x432;&#x435;&#x449;&#x435;&#x439;, &#x43D;&#x430;&#x447;&#x435;&#x440;&#x442;&#x430;&#x43D;&#x438;&#x44F; &#x44D;&#x442;&#x438;&#x43C;&#x43E;&#x43B;&#x43E;&#x433;&#x438;&#x438; &#x438; &#x43F;&#x440;&#x43E;&#x441;&#x442;&#x435;&#x439;&#x448;&#x438;&#x445; &#x440;&#x430;&#x437;&#x433;&#x43E;&#x432;&#x43E;&#x440;&#x43E;&#x432;.</subfield>
    <subfield code="f">&#x421;&#x43E;&#x447;&#x438;&#x43D;&#x435;&#x43D;&#x438;&#x435; &#x438; &#x441;&#x43E;&#x431;&#x440;&#x430;&#x43D;&#x438;&#x435; &#x41F;&#x43B;&#x430;&#x442;&#x43E;&#x43D;&#x430; &#x420;&#x435;&#x433;&#x430;&#x43D;&#x430;.</subfield>
    <subfield code="z">rus</subfield>
  </datafield>
  <datafield tag="210" ind1=" " ind2=" ">
    <subfield code="a">&#x412; &#x421;&#x430;&#x43D;&#x43A;&#x442;&#x43F;&#x435;&#x442;&#x435;&#x440;&#x431;&#x443;&#x440;&#x433;&#x435;</subfield>
    <subfield code="c">&#x432; &#x442;&#x438;&#x43F;&#x43E;&#x433;&#x440;&#x430;&#x444;&#x438;&#x438; &#x418;&#x432;. &#x413;&#x43B;&#x430;&#x437;&#x443;&#x43D;&#x43E;&#x432;&#x430;</subfield>
    <subfield code="d">1807</subfield>
  </datafield>
  <datafield tag="215" ind1=" " ind2=" ">
    <subfield code="a">77, [1] &#x441;.</subfield>
    <subfield code="d">8&#xB0; (21 &#x441;&#x43C;)</subfield>
  </datafield>
  <datafield tag="300" ind1=" " ind2=" ">
    <subfield code="a">&#x426;&#x435;&#x43D;&#x437;.: &#x421;&#x41F;&#x431;. &#x446;&#x435;&#x43D;&#x437;. &#x43A;&#x43E;&#x43C;.</subfield>
  </datafield>
  <datafield tag="316" ind1=" " ind2=" ">
    <subfield code="a">&#x42D;&#x43A;&#x437;. &#x420;&#x41D;&#x411; (18.97.2.123) &#x43C;&#x440;&#x430;&#x43C;&#x43E;&#x440;. &#x431;&#x443;&#x43C;&#x430;&#x436;. &#x43E;&#x431;&#x43B;. &#x41D;&#x430; 1-&#x439; &#x441;. &#x43E;&#x431;&#x43B;. &#x44F;&#x440;&#x43B;&#x44B;&#x43A; &#x441; &#x448;&#x438;&#x444;&#x440;&#x43E;&#x43C; &#x420;&#x41D;&#x411; &#x438; &#x442;&#x435;&#x445;&#x43D;. &#x448;&#x442;&#x430;&#x43C;&#x43F;&#x43E;&#x43C;. &#x41D;&#x430; 2-&#x439; &#x441;. &#x43E;&#x431;&#x43B;. &#x44F;&#x440;&#x43B;&#x44B;&#x43A; &#x441; &#x448;&#x438;&#x444;&#x440;&#x43E;&#x43C; &#x420;&#x41D;&#x411;. &#x41D;&#x430; &#x442;&#x438;&#x442;. &#x43B;., &#x441;.33 &#x438; 76 &#x43A;&#x440;&#x443;&#x433;&#x43B;&#x44B;&#x439; &#x448;&#x442;&#x430;&#x43C;&#x43F; &#x413;&#x41F;&#x411;</subfield>
    <subfield code="5">NLR: 18.97.2.123</subfield>
  </datafield>
  <datafield tag="317" ind1=" " ind2=" ">
    <subfield code="a">&#x412; &#x44D;&#x43A;&#x437;. &#x420;&#x41D;&#x411; (18.97.2.123) &#x43D;&#x430; 2-&#x439; &#x441;. &#x43E;&#x431;&#x43B;. &#x440;&#x443;&#x43A;&#x43E;&#x43F;. &#x43D;&#x430;&#x434;&#x43F;&#x438;&#x441;&#x44C;: Stepanus Socolov 1827&#x433;&#x43E;</subfield>
    <subfield code="5">NLR: 18.97.2.123</subfield>
  </datafield>
  <datafield tag="321" ind1="1" ind2=" ">
    <subfield code="a">&#x421;&#x41A; 1801-1825 7407</subfield>
  </datafield>
  <datafield tag="325" ind1="1" ind2=" ">
    <subfield code="a">&#x41A;&#x43E;&#x43F;&#x438;&#x44F; &#x434;&#x43E;&#x441;&#x442;&#x443;&#x43F;&#x43D;&#x430; &#x432; &#x44D;&#x43B;&#x435;&#x43A;&#x442;&#x440;&#x43E;&#x43D;&#x43D;&#x43E;&#x439; &#x431;&#x438;&#x431;&#x43B;&#x438;&#x43E;&#x442;&#x435;&#x43A;&#x435; &#x420;&#x41D;&#x411;</subfield>
  </datafield>
  <datafield tag="510" ind1="1" ind2=" ">
    <subfield code="a">&#x41D;&#x43E;&#x432;&#x430;&#x44F; &#x43B;&#x430;&#x442;&#x438;&#x43D;&#x441;&#x43A;&#x430;&#x44F; &#x430;&#x437;&#x431;&#x443;&#x43A;&#x430;.</subfield>
    <subfield code="e">&#x421; &#x43F;&#x440;&#x438;&#x43E;&#x431;&#x449;&#x435;&#x43D;&#x438;&#x435;&#x43C; &#x43A;&#x440;&#x430;&#x442;&#x43A;&#x430;&#x433;&#x43E; &#x441;&#x43B;&#x43E;&#x432;&#x430;&#x440;&#x44F; &#x443;&#x442;&#x440;&#x435;&#x431;&#x438;&#x442;&#x435;&#x43B;&#x44C;&#x43D;&#x435;&#x439;&#x448;&#x438;&#x445; &#x432;&#x435;&#x449;&#x435;&#x439;, &#x43D;&#x430;&#x447;&#x435;&#x440;&#x442;&#x430;&#x43D;&#x438;&#x44F; &#x44D;&#x442;&#x438;&#x43C;&#x43E;&#x43B;&#x43E;&#x433;&#x438;&#x438; &#x438; &#x43F;&#x440;&#x43E;&#x441;&#x442;&#x435;&#x439;&#x448;&#x438;&#x445; &#x440;&#x430;&#x437;&#x433;&#x43E;&#x432;&#x43E;&#x440;&#x43E;&#x432;.</subfield>
    <subfield code="z">rus</subfield>
  </datafield>
  <datafield tag="620" ind1=" " ind2=" ">
    <subfield code="d">&#x421;&#x430;&#x43D;&#x43A;&#x442;-&#x41F;&#x435;&#x442;&#x435;&#x440;&#x431;&#x443;&#x440;&#x433;</subfield>
  </datafield>
  <datafield tag="700" ind1=" " ind2="1">
    <subfield code="a">&#x420;&#x435;&#x433;&#x430;&#x43D;</subfield>
    <subfield code="b">&#x41F;.</subfield>
    <subfield code="g">&#x41F;&#x43B;&#x430;&#x442;&#x43E;&#x43D;</subfield>
    <subfield code="4">070</subfield>
  </datafield>
  <datafield tag="702" ind1=" " ind2="1">
    <subfield code="4">610</subfield>
    <subfield code="7">ca</subfield>
    <subfield code="8">rus</subfield>
    <subfield code="a">&#x413;&#x43B;&#x430;&#x437;&#x443;&#x43D;&#x43E;&#x432;</subfield>
    <subfield code="b">&#x418;. &#x41F;.</subfield>
    <subfield code="f">1762-1831</subfield>
    <subfield code="g">&#x418;&#x432;&#x430;&#x43D; &#x41F;&#x435;&#x442;&#x440;&#x43E;&#x432;&#x438;&#x447;</subfield>
    <subfield code="9">170958</subfield>
    <subfield code="3">RU\NLR\AUTH\770171008</subfield>
  </datafield>
  <datafield tag="702" ind1=" " ind2="1">
    <subfield code="6">z790</subfield>
    <subfield code="a">&#x421;&#x43E;&#x43A;&#x43E;&#x43B;&#x43E;&#x432;</subfield>
    <subfield code="b">&#x421;.</subfield>
    <subfield code="g">&#x421;&#x442;&#x435;&#x43F;&#x430;&#x43D;</subfield>
    <subfield code="4">390</subfield>
  </datafield>
  <datafield tag="712" ind1="0" ind2="0">
    <subfield code="4">610</subfield>
    <subfield code="a">&#x413;&#x43B;&#x430;&#x437;&#x443;&#x43D;&#x43E;&#x432;,</subfield>
    <subfield code="c">&#x41F;&#x435;&#x442;&#x435;&#x440;&#x431;&#x443;&#x440;&#x433;</subfield>
    <subfield code="g">&#x418;&#x432;&#x430;&#x43D; &#x41F;&#x435;&#x442;&#x440;&#x43E;&#x432;&#x438;&#x447;,</subfield>
    <subfield code="h">&#x442;&#x438;&#x43F;&#x43E;&#x433;&#x440;&#x430;&#x444;&#x438;&#x44F;</subfield>
    <subfield code="9">711198</subfield>
    <subfield code="3">RU\NLR\AUTH\880524858</subfield>
  </datafield>
  <datafield tag="790" ind1=" " ind2="1">
    <subfield code="6">z702</subfield>
    <subfield code="a">Socolov</subfield>
    <subfield code="b">S.</subfield>
    <subfield code="g">Stepanus</subfield>
  </datafield>
  <datafield tag="801" ind1=" " ind2="0">
    <subfield code="a">RU</subfield>
    <subfield code="b">NLR</subfield>
    <subfield code="c">20061205</subfield>
  </datafield>
  <datafield tag="852" ind1=" " ind2=" ">
    <subfield code="a">NLR</subfield>
    <subfield code="j">18.97.2.123</subfield>
  </datafield>
  <datafield tag="856" ind1=" " ind2="0">
    <subfield code="u">http://vivaldi.nlr.ru/bx000015812/view</subfield>
  </datafield>
  <datafield tag="856" ind1=" " ind2="1">
    <subfield code="u">http://vivaldi.nlr.ru/bx000015812/cover</subfield>
  </datafield>
  <datafield tag="856" ind1=" " ind2="2">
    <subfield code="u">http://vivaldi.nlr.ru/bx000015812/text</subfield>
  </datafield>
  <datafield tag="901" ind1=" " ind2=" ">
    <subfield code="e">&#x41A;&#x43D;&#x438;&#x436;&#x43D;&#x44B;&#x435; &#x438;&#x437;&#x434;&#x430;&#x43D;&#x438;&#x44F;</subfield>
  </datafield>
  <datafield tag="942" ind1=" " ind2=" ">
    <subfield code="c">BOOK</subfield>
  </datafield>
  <datafield tag="980" ind1=" " ind2=" ">
    <subfield code="a">NB</subfield>
  </datafield>
  <datafield tag="980" ind1=" " ind2=" ">
    <subfield code="a">A1DV</subfield>
  </datafield>
  <datafield tag="981" ind1="2" ind2="2">
    <subfield code="a">(22) &#x41C;&#x430;&#x442;&#x435;&#x440;&#x438;&#x430;&#x43B;&#x44B; &#x43F;&#x43E; &#x438;&#x441;&#x442;&#x43E;&#x440;&#x438;&#x438; &#x420;&#x43E;&#x441;&#x441;&#x438;&#x438;</subfield>
    <subfield code="b">(22) &#x418;&#x441;&#x442;&#x43E;&#x440;&#x438;&#x44F; &#x420;&#x43E;&#x441;&#x441;&#x438;&#x438; &#x434;&#x43E; 25 &#x43E;&#x43A;&#x442;&#x44F;&#x431;&#x440;&#x44F; (7 &#x43D;&#x43E;&#x44F;&#x431;&#x440;&#x44F;) 1917 &#x433;&#x43E;&#x434;&#x430;</subfield>
    <subfield code="b">&#x41A;&#x443;&#x43B;&#x44C;&#x442;&#x443;&#x440;&#x430;. &#x41D;&#x430;&#x443;&#x43A;&#x430;. &#x41F;&#x440;&#x43E;&#x441;&#x432;&#x435;&#x449;&#x435;&#x43D;&#x438;&#x435;.</subfield>
  </datafield>
  <datafield tag="981" ind1="2" ind2="0">
    <subfield code="a">(20) &#x41A;&#x43D;&#x438;&#x436;&#x43D;&#x44B;&#x435; &#x43F;&#x430;&#x43C;&#x44F;&#x442;&#x43D;&#x438;&#x43A;&#x438; &#x420;&#x41D;&#x411;</subfield>
    <subfield code="b">(20) &#x420;&#x443;&#x441;&#x441;&#x43A;&#x438;&#x439; &#x43A;&#x43D;&#x438;&#x436;&#x43D;&#x44B;&#x439; &#x444;&#x43E;&#x43D;&#x434;</subfield>
  </datafield>
  <datafield tag="995" ind1=" " ind2=" ">
    <subfield code="5">2016-05-13</subfield>
    <subfield code="b">NLR02</subfield>
    <subfield code="c">NLR02</subfield>
    <subfield code="e">RFS</subfield>
    <subfield code="f">10777848-10</subfield>
    <subfield code="k">18.97.2.123</subfield>
    <subfield code="o">0</subfield>
    <subfield code="r">BOOK</subfield>
    <subfield code="s">18972123_</subfield>
  </datafield>
</record>
